Novel Titles Taken from Poetry Quiz Stats

 Plays Quiz Updated Mar 24, 2020

Support Sporcle.
Go Orange.
Score 0/16 Timer 05:00
0 Plays Today
Novel/Play Poet % Correct
Ulysses - James JoyceHomer
87.1%
Her Fearful Symmetry - Audrey NiffeneggerWilliam Blake
33.1%
Things Fall Apart - Chinua AchebeWilliam Butler Yeats
32.5%
A Raisin in the Sun - Lorraine HansberryLangston Hughes
28.7%
Of Mice and Men - John SteinbeckRobert Burns
28.6%
No Country for Old Men - Cormac McCarthyWilliam Butler Yeats
18.5%
Tender is the Night - F. Scott FitzgeraldJohn Keats
15.8%
Remembrance of Things Past - Marcel ProustWilliam Shakespeare
15.6%
Novel/Play Poet % Correct
A Handful of Dust - Evelyn WaughT.S. Eliot
15.6%
The Mirror Crack'd - Agatha ChristieAlfred, Lord Tennyson
14.1%
The Catcher in the Rye - J.D. SalingerRobert Burns
12.4%
The Golden Compass - Phillip PullmanJohn Milton
9%
Far from the Madding Crowd - Thomas HardyThomas Gray
8.6%
Grapes of Wrath - John SteinbeckJulia Ward Howe
8.5%
The Crimson Petal and the White - Michael FaberAlfred, Lord Tennyson
8%
The Lovely Bones - Alice SeboldTheodore Roethke
2.7%

You're not logged in!

Compare scores with friends on all Sporcle quizzes.
OR
Log In

From the Vault

5 by 5 Countries by Continent

by lolshortee

Five countries is over 40% of South America!
Remove Ads.
Support Sporcle.
Get the best of Sporcle when you Go Orange. This ad-free experience offers more features, more stats, and more fun while also helping to support Sporcle. Thank you for becoming a member.

Show Comments

Extras

Top Quizzes Today


Score Distribution

Your Account Isn't Verified!

In order to create a playlist on Sporcle, you need to verify the email address you used during registration. Go to your Sporcle Settings to finish the process.

Report this User

Report this user for behavior that violates our Community Guidelines.

Details: